Little Red Book of Idioms and Phrases (Record no. 10494)
[ view plain ]
| 000 -LEADER | |
|---|---|
| fixed length control field | 00384nam a22001577a 4500 |
| 003 - CONTROL NUMBER IDENTIFIER | |
| control field | OSt |
| 008 - FIXED-LENGTH DATA ELEMENTS--GENERAL INFORMATION | |
| fixed length control field | 210223b ||||| |||| 00| 0 eng d |
| 020 ## - INTERNATIONAL STANDARD BOOK NUMBER | |
| International Standard Book Number | 9788129118110 |
| 100 ## - MAIN ENTRY--PERSONAL NAME | |
| Personal name | O'BRIEN, Terry |
| 245 ## - TITLE STATEMENT | |
| Title | Little Red Book of Idioms and Phrases |
| 250 ## - EDITION STATEMENT | |
| Edition statement | 11th |
| 260 ## - PUBLICATION, DISTRIBUTION, ETC. (IMPRINT) | |
| Place of publication, distribution, etc | New Delhi |
| Name of publisher, distributor, etc | Rupa Publication |
| Date of publication, distribution, etc | 2021 |
| 300 ## - PHYSICAL DESCRIPTION | |
| Extent | 244 |
| 650 ## - SUBJECT ADDED ENTRY--TOPICAL TERM | |
| Topical term or geographic name as entry element | General Books |
| 942 ## - ADDED ENTRY ELEMENTS (KOHA) | |
| Source of classification or shelving scheme | Dewey Decimal Classification |
| Koha item type | Text Books |
| Withdrawn status | Lost status | Source of classification or shelving scheme | Damaged status | Not for loan | Collection code | Home library | Current library | Date acquired | Source of acquisition | Currency | Cost, normal purchase price | Bill Number | Total Checkouts | Full call number | Acc. no. / Barcode | Date last seen | Actual Cost, discounted price | Bill Date | Koha item type | Public note | Date last borrowed | Checked out |
|---|---|---|---|---|---|---|---|---|---|---|---|---|---|---|---|---|---|---|---|---|---|---|
| Dewey Decimal Classification | GENERAL | PIET C-LIBRARY | PIET C-LIBRARY | 08/02/2021 | Kirti Prakashan | Indian Rup | 140.00 | IN1508 | 413 OBL | 32463 | 23/02/2021 | 93.80 | 06/02/2021 | Text Books | Language | |||||||
| Dewey Decimal Classification | GENERAL | PIET C-LIBRARY | PIET C-LIBRARY | 08/02/2021 | Kirti Prakashan | Indian Rup | 140.00 | IN1508 | 3 | 413 OBL | 32464 | 20/12/2023 | 93.80 | 06/02/2021 | Text Books | Language | 03/08/2023 | |||||
| Dewey Decimal Classification | GENERAL | PIET C-LIBRARY | PIET C-LIBRARY | 08/02/2021 | Kirti Prakashan | Indian Rup | 140.00 | IN1508 | 413 OBL | 32465 | 23/02/2021 | 93.80 | 06/02/2021 | Text Books | Language | |||||||
| Dewey Decimal Classification | GENERAL | PIET C-LIBRARY | PIET C-LIBRARY | 08/02/2021 | Kirti Prakashan | Indian Rup | 140.00 | IN1508 | 2 | 413 OBL | 32466 | 13/01/2024 | 93.80 | 06/02/2021 | Text Books | . | 13/01/2024 | 11/07/2024 | ||||
| Dewey Decimal Classification | GENERAL | PIET C-LIBRARY | PIET C-LIBRARY | 08/02/2021 | Kirti Prakashan | Indian Rup | 140.00 | IN1508 | 2 | 413 OBL | 32467 | 13/01/2024 | 93.80 | 06/02/2021 | Text Books | . | 13/01/2024 | 11/07/2024 |